Natura 2000 v Olomouckém kraji

Korporativní autor: Olomoucký kraj (Česko : 2000-). Krajský úřad. Oddělení ochrany přírody
Jazyk: Čeština
Vydáno: Olomouc : Olomoucký kraj, 2009
Vydání: 1. vyd.
Témata:
Fyzický popis: 1 CD-ROM : barev. ; 12 cm
Language note: Anglické resumé
Elektronické zdroje
Uloženo v:
LEADER 01810nmm a2200469 a 4500
001 001081449
003 CZ BrMZK
005 20100311142813.0
006 m f m
007 co cg
008 100106s2009 xr e m cze
040 |a BOA001  |b cze 
041 0 |a cze  |b eng 
043 |a e-xr---  |b e-xr-ol  |2 czenas 
072 7 |a 502  |x Životní prostředí a jeho ochrana  |2 Konspekt  |9 2 
080 |a 502.21(1-751)  |2 MRF 
080 |a 502.17  |2 MRF 
080 |a 502.2  |2 MRF 
080 |a (437.325)  |2 MRF 
080 |a (036)  |2 MRF 
080 |a (0.034.44)  |2 MRF 
245 0 0 |a Natura 2000 v Olomouckém kraji  |h [elektronický zdroj] 
250 |a 1. vyd. 
256 |a Data (431 MB) 
260 |a Olomouc :  |b Olomoucký kraj,  |c 2009 
300 |a 1 CD-ROM :  |b barev. ;  |c 12 cm 
500 |a Název z tit. obrazovky 
500 |a Vydáno v rámci projektu Implementace a péče o území soustavy Natura 2000 v Olomouckém kraji 
538 |a Požadavky na systém: Macromedia Flash 
546 |a Anglické resumé 
550 |a Vydavatel: Olomoucký kraj, Krajský úřad, Oddělení ochrany přírody 
650 0 7 |a chráněná území  |7 ph114251  |z Česko  |2 czenas 
650 0 7 |a ochrana přírody  |7 ph115552  |z Česko  |2 czenas 
655 7 |a informační publikace  |7 fd132454  |2 czenas 
655 7 |a CD-ROM  |7 fd133955  |2 czenas 
610 2 7 |a Natura 2000 (soustava chráněných území)  |7 kn20040603002  |2 czenas 
651 7 |a Olomoucký kraj (Česko : 2000-)  |7 ge136508  |x přírodní poměry  |2 czenas 
710 1 |a Olomoucký kraj (Česko : 2000-).  |b Krajský úřad.  |b Oddělení ochrany přírody  |7 mzk2007378215 
910 2 |a BOA001  |b CDR-1233.904 
990 |a CF 
991 |b 201003 
996 3 |b 2610405672  |c CDR-1233.904  |l Stud. periodik/2.patro  |r Sklad / do 1 hodiny  |n 1  |p p.v.  |w 001104299  |u 000010  |a 1  |e BOA001  |j MZK50  |s N